| 000 | 00755nac a22002051u 4500 | ||
|---|---|---|---|
| 010 | _a 91008481 | ||
| 020 | _a002946594X | ||
| 082 | 0 | 0 |
_a658.8 _bMOR |
| 090 |
_c9613 _d9613 |
||
| 100 | _aMorris, Michael H. | ||
| 245 | 1 | 0 |
_aIndustrial and organizational marketing / _cMichael H. Morris. |
| 250 | _a2nd ed. | ||
| 260 |
_aNew York : _bMacmillan Pub. Co. ; _aToronto : _bMaxwell Macmillan Canada ; _aNew York : _bMaxwell Macmillan International,1992 _cc1992. |
||
| 300 |
_axv, 784 p. : _bill. ; _c25 cm. |
||
| 500 | _adistributer: Al-Ahram | ||
| 504 | _aIncludes bibliographical references (p. 765-773) and indexes. | ||
| 511 | _acatalogued by: wessam | ||
| 650 | 0 | _aIndustrial marketing. | |
| 942 |
_cBB _k658.8MOR |
||
| 999 |
_c9613 _d9613 |
||